|
|
|
|
| LEADER |
00000nab a2200000 4500 |
| 001 |
vtls012249844 |
| 003 |
SK-MaSNL |
| 005 |
20260303210635.0 |
| 008 |
240208|2024 xo |||| ||an ||00 0|slo |
| 015 |
|
|
|a SNBRB2024/02
|
| 040 |
|
|
|a SPKCL
|b slo
|e rda
|
| 041 |
|
|
|a slo
|b slo
|
| 044 |
|
|
|a xo
|c SK
|
| 072 |
|
7 |
|a 37
|x Výchova a vzdelávanie
|2 konspekt
|
| 080 |
|
|
|a 37
|2 2011
|
| 100 |
1 |
|
|a Petlák, Erich,
|d 1942-
|4 aut
|9 199433
|
| 245 |
1 |
0 |
|a Inovácia edukácie ako priorita auditu školy :
|b ako zlepšiť edukáciu po jej zhodnotení ministrom školstva
|c Erich Petlák
|
| 336 |
|
|
|a text
|b txt
|2 rdacontent
|
| 337 |
|
|
|a bez média
|b n
|2 rdamedia
|
| 338 |
|
|
|a zväzok
|b nc
|2 rdacarrier
|
| 504 |
|
|
|a Obsahuje bibliografiu
|
| 546 |
|
|
|a Slovenské resumé
|
| 650 |
0 |
7 |
|a inovácie
|2 SNKPH
|9 2291
|
| 650 |
0 |
7 |
|a výchova a vzdelávanie
|2 SNKPH
|9 1684
|
| 650 |
0 |
7 |
|a pedagogická prax
|2 SNKPH
|9 4109
|
| 773 |
0 |
|
|t Didaktika
|g Roč. 5, č. 1 (2024), s. 2-5
|x 1338-2845
|
| 958 |
|
|
|a NB
|
| 999 |
|
|
|c 2201028
|d 2202958
|